000 00460nam a2200193Ia 4500
008 210210b1918 xxu||||| |||| 00| 0 eng d
041 _aeng
082 _a320/422
100 _aNANAVATHI (M H)
245 _aComparative study of modern constitutions
260 _a
_bNot Mentioned
_c1918
650 _astudy
650 _aof
650 _amodern
650 _aconstitutions
650 _aComparative
690 _aPolitical Science
906 _a003067
999 _c118400
_d118400